000 00536nam a22001817a 4500
005 20260420124039.0
008 260420b |||||||| |||| 00| 0 eng d
020 _a978-1337552127
082 _a657.0285
_bGEL-A
100 _aGelinas, Ulric
_aRichard Dull (Author)
_aPatrick Wheeler (Author)
_aMary Hill (Author)
245 _aAccounting Information Systems (Author),
250 _a11th Ed
260 _aBoston, USA
_bCengage Learning
_c2017
300 _a747 p.
500 _aIncludes Index.
650 _aAccounting
942 _cBK
999 _c47347
_d47347